|
|
|
|
| LEADER |
00979nam a2200253 a 4500 |
| 001 |
00025532 |
| 008 |
120708s2006 enk 000 0 eng d |
| 020 |
|
|
|a 9780415315050 (set)
|
| 020 |
|
|
|a 9780415315081 (vol. 2)
|
| 040 |
|
|
|a BD-DhAAL
|c BD-DhAAL
|
| 082 |
0 |
0 |
|a 427
|2 22
|
| 245 |
0 |
0 |
|a World Englishes :
|b critical concepts in linguistics,
|n Volume III /
|c Edited by Kingsley Bolton and Braj B. Kachru
|
| 260 |
|
|
|a London ;
|a New York :
|b Routlegde,
|c 2006.
|
| 300 |
|
|
|a xii, 526 p. :
|c 24 cm.
|
| 362 |
0 |
|
|a Vol. III
|
| 504 |
|
|
|a Includes bibliographical references.
|
| 541 |
|
|
|a 00025532
|
| 650 |
|
0 |
|a English language
|x Variation.
|
| 650 |
|
0 |
|a English language
|x Variation
|z Foreign countries.
|
| 700 |
1 |
|
|a Bolton, Kingsley
|
| 700 |
1 |
|
|a Kachru, Braj B.
|
| 852 |
1 |
|
|a Ayesha Abed Library
|j General shelf
|
| 999 |
|
|
|c 12519
|d 12519
|
| 952 |
|
|
|0 0
|1 0
|4 0
|6 427_WOR
|7 0
|9 20677
|a BRACUL
|b BRACUL
|c GEN
|d 2012-07-08
|e Karim International
|g 21316.66
|l 0
|o 427 WOR
|p 3010025532
|r 2012-07-08
|t 1
|w 2012-07-08
|y BK
|